LEADER 00919nam0 2200277 450 001 000020431 005 20081209120500.0 100 $a20081209d1987----km-y0itay50------ba 101 0 $aita 102 $aIT 105 $ay-------001yy 200 1 $aSistemi informativi e imprese$fdi Giampio Bracchi e Gianmario Motta 205 $a3. ed. 210 $aMilano$cAngeli$d1987 215 $a477 p.$cgraf.$d22 cm 225 2 $aCollana di informatica$v700.9 410 0$12001$aCollana di informatica 610 1 $aAziende$aGestione automatizzata 676 $a658.05$v20$9Gestione in generale. Elaborazione dei dati e applicazioni dell'elaboratore 700 1$aBracchi,$bGiampio$0291 701 1$aMotta,$bGianmario$08271 801 0$aIT$bUNIPARTHENOPE$c20081209$gRICA$2UNIMARC 912 $a000020431 951 $aM 658.054/4$bM 1052$cDSA$d2008 996 $aSistemi informativi e imprese$91212074 997 $aUNIPARTHENOPE